000 02366cam a22003737a 4500
999 _c49713
_d49713
003 BJBSDDR
005 20230410115858.0
007 ta
008 090708s2009 fr a b 000 0 fre d
020 _a9782951646094
020 _a2951646097
035 _a15846473
035 _a(OCoLC)ocn428647514
040 _aTZT
_cTZT
_bspa
041 _aspa
042 _alccopycat
050 1 4 _aHN 380
_bH673 2009
072 7 _aHX
_2lcco
082 0 0 _a320.53094
245 0 0 _aHistoire critique de l'ultragauche :
_btrajectoire d'une balle dans le pied /
_ctranscription des exposés de Roland Simon ; textes établis et annotés par les Chemins non tracés.
260 _aMarseille :
_bSenonevero,
_c2009.
300 _a338 p. :
_bill. ;
_c22 cm.
504 _aIncludes bibliographical references.
520 _aIci un territoire se dessine, des critiques de gauche de la social-démocratie à l'Internationale situationniste en passant par la Gauche permano-hollandaise ; la Gauche dite italienne et les multiples groupes et publications qui en sont issus ; Socialisme ou Barbarie et sa descendance ; le communisme libertaire avec Noir et Rouge. Territoire théorique pour une histoire qui ne serait ps générale, mais critique. La révolution et le communisme, pour l'ultragauche, étaient la libération du travail et l'affirmation du prolétariat, comme classe dominante, mais toutes les médiations rationnelles et pratiques conduisant à ca but sont critiquées et supprimées : syndicats, partis de masse, parlementarisme, critique même de l'intervention dans la lutte de classe. Tout y est suspendu à une mystique de l'autonomie (comme contenu de la révolution)/auto-organisation (comme forme) ou du Parti, qui doit être la révélation de l'être véritablement révolutionnaire du prolétariat, faisant exploser son existence de classe. En ce sens, son itinéraire peut être décrit comme trajectoire d'une balle dans le pied.
650 0 _aLeft-wing extremists
_zEurope
_xHistory
_y20th century.
650 4 _aPobreza
_zEuropa
_xHistoria
_ySiglo XX
_9269
650 4 _aRadicalismo
_zEuropa
_xHistoria
_ySiglo XX
_93004
650 0 _aRadicalism
_zEurope
_xHistory
_y20th century
653 _aHistory of Extreme Left
_a20th Century
700 1 _aSimon, Roland,
_d1950-
_923125
710 2 _aChemins non tracés.
942 _2lcc
_cBK
946 _aPP